000 01413cam a22004337a 4500
001 5567
003 FISKH
005 20241218102434.0
008 100319s2010 enka j 001 1 eng d
010 _a 2009292680
020 _a9780756657734 (pbk.)
020 _a0756657733 (pbk.)
020 _a9780756657741 (hc)
040 _aIUK
_cIUK
_dXY4
_dDLC
_beng
050 0 0 _aPN1995.S695
082 _a791.43
100 1 _aBeecroft, Simon.
245 1 0 _aStar Wars, the clone wars.
_pPirates... and worse! /
_cWritten by Simon Beecroft.
246 3 0 _aPirates-- and worse!
260 _aLondon ;
_bDK,
_c2010.
300 _a32 pages :
_bcolor illustrations ;
_c23 cm
490 1 _aDK readers. 1, Beginning to read
505 _aE
520 _a"Meet some fearsome space pirates and find out how the Jedi outwit them."--p. [4] of cover.
521 8 _a270
_bLexile estimate
521 8 _aE
_bRaz-Plus
650 0 _aPirates
_vJuvenile fiction.
650 0 _aSpace warfare
_vJuvenile fiction.
650 0 _aInterplanetary voyages
_vJuvenile fiction.
650 0 _aGood and evil
_vJuvenile fiction.
650 0 _aSpace pirates.
650 1 _aPirates
_vFiction.
650 1 _aSpace warfare
_vFiction.
650 1 _aInterplanetary voyages
_vFiction.
650 1 _aGood and evil
_vFiction.
906 _a7
_bcbc
_ccopycat
_d4
_encip
_f20
_gy-gencatlg
942 _2ddc
_cBK
_n0
999 _c5567
_d5567